000 00487cam a2200193 4500
001 D8077
008 090401t1972 xxu||||| |||| 00| 0 eng d
035 _a(Sirsi) u11081
041 _aeng
050 _a728.30933
100 _aRamsey, Stanley C
245 _aSmall Georgian houses and their details 1750-1820
260 _aLondon
_bArchitectural Press
_c1972
300 _axiv. 16p. 200 plates
350 _a4.95
700 _aHarvey, J.D.M.
942 _n0
948 _c04/03/1997
999 _c86807
_d86807